000
00232nam a22000857a 4500
008
160831b xxu||||| |||| 00| 0 eng d
100
_9
268
_a
Chaturvedi S
245
_a
Indian & World Cricket
260
_a
New Delhi
_b
National Book Trust
_c
2007
999
_c
2926
_d
2926